000 00638nam a2200193Ia 4500
003 GCL
008 140319s9999 xx 000 0 ara d
040 _aGCL /
_cGCL
082 0 4 _a920.71
_bم ا
100 1 _aمير بصرى
245 1 0 _aاعلام التركمان والادب التركى فى العراق الحديث /
_cمير بصرى
250 _aالاولى
260 _aانجلترا :
_bدارالوراق للنشر ،
_c1997
300 _a192 ص ؛
_c20 سم
650 0 4 _aالعراق - تاريخ
650 0 4 _aالتركمان - تراجم
650 0 4 _aالادب العربى - تركيا
942 _2ddc
_cBK
999 _c5286
_d5286